LIBRARY ONLINE CATALOGUE

International finance. (Record no. 6140)

MARC details
000 -LEADER
fixed length control field 00610nam a22002172 4500
001 - CONTROL NUMBER
control field 0000002972
005 - DATE AND TIME OF LATEST TRANSACTION
control field 20151217151910.0
008 - FIXED-LENGTH DATA ELEMENTS--GENERAL INFORMATION
fixed length control field 070424s xx 000 0 eng d
020 ## - INTERNATIONAL STANDARD BOOK NUMBER
International Standard Book Number 0333730976 :
Terms of availability KES 4,390
040 ## - CATALOGING SOURCE
Original cataloging agency KABU
Transcribing agency KABU
050 #0 - LIBRARY OF CONGRESS CALL NUMBER
Classification number HG3881
Item number .P55 1998
100 1# - MAIN ENTRY--PERSONAL NAME
Personal name Pilbeam, Keith.
-- 0000152531
245 10 - TITLE STATEMENT
Title International finance.
250 ## - EDITION STATEMENT
Edition statement 2nd ed.
260 ## - PUBLICATION, DISTRIBUTION, ETC. (IMPRINT)
Place of publication, distribution, etc. Basingstoke, England :
Name of publisher, distributor, etc. Palgrave,
Date of publication, distribution, etc. 1998.
300 ## - PHYSICAL DESCRIPTION
Extent xxviii, 488 p.
650 #0 - SUBJECT ADDED ENTRY--TOPICAL TERM
Topical term or geographic name as entry element International finance.
-- 0000149975
908 ## - PUT COMMAND PARAMETER (RLIN)
Put command parameter 070424
950 ## - LOCAL HOLDINGS (RLIN)
-- 1
Holdings
Withdrawn status Lost status Source of classification or shelving scheme Not for loan Home library Current library Date acquired Total Checkouts Full call number Barcode Date last seen Date last checked out Price effective from Koha item type
    Library of Congress Classification   Kabarak, Main Campus Kabarak, Main Campus 17/12/2015 5 HG3881 .P55 1998 005296 20/11/2024 12/11/2024 17/12/2015 General Collection